An Anthology of Modern Ukrainian Drama (Запис № 580598)
[ простий вигляд ]
| 000 -Лідер | |
|---|---|
| fixed length control field | 01676 a2200253 4500 |
| 001 - Контрольний номер | |
| control field | 2162214035926770 |
| 003 - Ідентифікатор контрольного номера | |
| control field | UA-OsUOA |
| 005 - Дата та час останнього входження (трансакції) | |
| control field | 20260428162327.0 |
| 008 - Елементи даних фіксованої довжини – загальна інформація | |
| fixed length control field | 260428b -cn||||| |||| 00| ddukr d |
| 020 ## - Міжнародний стандартний книжковий номер (ISBN) | |
| Міжнародний стандартний книжковий номер (ISBN) (НП) | 9781894865272 |
| 040 ## - Джерело каталогізації | |
| Агенція оригінальної каталогізації | UA-OsUOA |
| Мова каталогізації | eng |
| Агенція, яка здійснювала перезапис | UA-OsUOA |
| Агенція, яка здійснювала модифікацію | UA-OsUOA |
| 041 ## - Код мови | |
| Код мови тексту/ звукової доріжки чи окремого заголовка (П) | eng |
| 080 ## - Індекс Універсальної десяткової класифікації | |
| Індекс Універсальної десяткової класифікації (УДК) (НП) | 821.161.2-2(082.21) |
| 090 ## - Локальний шифр розміщення | |
| Класифікаційний індекс УДК | 821.161.2-2(082.21) |
| Авторський знак (НП) | A53 |
| 245 ## - Відомості про назву | |
| Назва (НП) | An Anthology of Modern Ukrainian Drama |
| Дані про відповідальність (НП) | Complited and edited by Larissa M. L. Zaleska Onyshkevych |
| 260 ## - Публікація, розповсюдження і т.п. (Вихідні дані) | |
| Місце публікації, розповсюдження і т.п. (П) | Edmonton |
| -- | Toronto |
| Ім’я/ наймення видавництва, розповсюджувача і т.п. (П) | Canadian Institute of Ukrainian Studies Press |
| Дата публікації, розповсюдження і т.п. (П) | 2012 |
| 300 ## - Фізичний опис | |
| Обсяг | 521 p. |
| 520 ## - Резюме і т.п. | |
| Резюме, реферат, анотація, тощо (НП) | An Anthology of Modern Ukrainian Drama, edited by Larissa M. L. Zaleska Onyshkevych, is a seminal collection that introduces English-speaking audiences to the rich and diverse world of Ukrainian playwriting. Spanning the 20th century, the volume features key works from the "Renaissance" of the 1920s to the contemporary period.<br/>The anthology showcases the evolution of Ukrainian drama through various movements, including Modernism, the Theatre of the Absurd, and Post-modernism. Each play is accompanied by expert introductions and biographical notes, providing essential historical and cultural context. This collection is an invaluable resource for scholars, students, and theater practitioners interested in Eastern European literature and the enduring spirit of Ukrainian cultural identity. |
| 650 ## - Додаткове предметне введення – тематичний термін | |
| Тематичний термін чи географічна назва, як елемент введення (НП) | 82 Література. Літературознавство |
| 9 (RLIN) | 15 |
| 700 1# - Додаткове введення – ім'я особи | |
| Ім’я особи (НП) | Zaleska Onyshkevych L. M. L. |
| 9 (RLIN) | 25114 |
| 942 ## - Додаткові елементи входу (Коха) | |
| Тип елемента Koha | Книги |
| Source of classification or shelving scheme | Universal Decimal Classification |
| 955 ## - Код типу видання за змістом | |
| Код типу видання за змістом (НП) | Літературно-художні видання |
| Стан вилучень | Стан втрат | Джерело класифікації або схеми стелажів | Стан уражень | Не для кредиту | Код колекції | Постійне місце розташування | Поточне розміщення | Дата придбання | Джерело придбання | Вартість, звичайна ціна покупки | Інвентарний номер | Усього замовленно | Повний номер виклику | Штрих-код | Дата останнього перегляду | Вартість, ціна заміни | Ціна ефективна від | Тип елемента Koha |
|---|---|---|---|---|---|---|---|---|---|---|---|---|---|---|---|---|---|---|
| Universal Decimal Classification | Колекція Шевчука Валерія | АБ - Абонемент НБ | АБ - Абонемент НБ | 28/04/2026 | Акт №24/28.04.2026 | 70.00 | 169876 | 821.161.2-2(082.21) A53 | 169876 | 28/04/2026 | 70.00 | 28/04/2026 | Книги |